000 00834nas a2200301 4500
001 BR9601372
003 BR-BrBNA
005 20231205094701.0
007 ta
008 230509b bl.|||p| |||| 00| 00por d
040 _aBR-BrBNA
_bpor
_cBiblioteca Nacional de Agricultura
041 _a(Pt)
072 _aF04
100 1 _aManica, I.
100 1 _aCosta, C.
100 1 _aColauto, N.M.
100 1 _aGuerra, G.
100 1 _aBackes, M.A.
100 1 _aAlcantara, M.A.K. de
245 1 _aResposta do maracujazeiro amarelo a tres doses de N.P. e K
650 _aMaracuja
650 _aNPK
650 _aAdubacao
650 _aRio Grande do Sul
773 0 _tRevista Brasileira de Fruticultura (Brazil)
_x
_g(1991), v. 18(4) p. 227-231
_wBR9601372
909 _a202311
_bLúcia
_c55
_dLúcia Elande
942 _2AGRIS
_n0
_cANA
999 _c146126
_d146126